Loading...
| Auditory Arts | 8 | 18.75 | 100% | 63% | 25% |
| Beliefs | 8 | 15.00 | 100% | 38% | 13% |
| Current Events | 2 | 20.00 | 100% | 50% | 50% |
| Fine Arts - Other Arts | 5 | 16.00 | 100% | 40% | 20% |
| Geography | 2 | 20.00 | 100% | 50% | 50% |
| History - American | 8 | 22.50 | 100% | 75% | 50% |
| History - Ancient | 5 | 24.00 | 100% | 100% | 40% |
| History - European | 5 | 24.00 | 100% | 100% | 40% |
| History - Other | 2 | 25.00 | 100% | 100% | 50% |
| History - World | 6 | 21.67 | 100% | 83% | 33% |
| Literature - American | 6 | 18.33 | 100% | 83% | 0% |
| Literature - British | 4 | 17.50 | 100% | 75% | 0% |
| Literature - European | 6 | 16.67 | 100% | 50% | 17% |
| Literature - World | 6 | 18.33 | 100% | 67% | 17% |
| Other Academic | 1 | 10.00 | 0% | 100% | 0% |
| Philosophy | 3 | 16.67 | 100% | 67% | 0% |
| Science - Biology | 6 | 21.67 | 100% | 83% | 33% |
| Science - Chemistry | 4 | 15.00 | 100% | 50% | 0% |
| Science - Other | 7 | 22.86 | 71% | 100% | 57% |
| Science - Physics | 7 | 22.86 | 100% | 100% | 29% |
| Social Science | 10 | 16.00 | 100% | 60% | 0% |
| Visual Arts | 8 | 12.50 | 88% | 38% | 0% |